Strojnický slovník německo-česko-slovenský Díl II. Všeobecné strojnictví [Části strojů, motory parní spalovací, plynové, vodní a větrné, parní kotle, plynové generátory, stroje zdvihací a dopravní, stroje na dopravu plynů a kapalin a zkoušení strojů Svazek 2 G-M

Bibliographic Details
Other Authors: Krouza, Václav, 1880-1956 (Compiler)
Format: Book
Language:Czech
German
Slovak
PhysicalDescription:[II], 443 s. 21 cm
Published: V Praze Česká matica technická F. Řivnáč [distributor] 1938
Series:Spisy České matice technické
Subjects:

MARC

LEADER 00000cam a2200000 a 4500
001 vtls001166835
003 SK-MaSNL
005 20260301190000.0
008 250313s1938 xr frd 000 0 cze
015 |a SNBA2021/10 
020 |q (brožované) 
035 |a SNK000109815 
035 |a urn:nbn:sk:snk-am3j450 
035 |a 38B21F75-FFBB-43BE-A62A-791D67C0238F 
035 |a urn:nbn:sk:snk-am00gmgn 
040 |a SNK  |b slo  |c SNK  |e AACR2 
041 0 |a cze  |a ger  |a slo 
044 |a xr  |c CZ 
072 7 |a 621  |x Strojárstvo  |2 konspekt 
080 |a 801.316.4:621.01=3=85=854  |2 1981 
080 |a 621.01=3=85=854  |2 1981 
080 |a 621.01(038)=3=85=854  |2 1981 
245 0 0 |a Strojnický slovník německo-česko-slovenský  |n Díl II.  |p Všeobecné strojnictví  |p [Části strojů, motory parní spalovací, plynové, vodní a větrné, parní kotle, plynové generátory, stroje zdvihací a dopravní, stroje na dopravu plynů a kapalin a zkoušení strojů  |n Svazek 2  |p G-M  |c se spolupracovníky sestavil V. Krouza ; redigují V. Krouza a J. Machek] 
246 3 0 |a Všeobecné strojnictví 
246 3 0 |a Části strojů, motory parní spalovací, plynové, vodní a větrné, parní kotle, plynové generátory, stroje zdvihací a dopravní, stroje na dopravu plynů a kapalin a zkoušení strojů 
246 3 0 |a G-M 
260 |a V Praze  |b Česká matica technická  |b F. Řivnáč [distributor]  |c 1938  |f (Ed. Grégr a syn) 
300 |a [II], 443 s.  |c 21 cm 
490 1 |a Spisy České matice technické  |v č. 185. Roč. XLIII. 1938 
500 |a Vydává slovníková komise při České matici technické v Praze za spolupráce názvoslovného odboru při Slovenské matici v Bratislavě 
650 0 7 |a strojárstvo  |2 SNKPH  |9 674 
650 0 7 |a strojné mechanizmy  |2 SNKPH  |9 69322 
650 0 7 |a nemčina  |2 SNKPH  |9 1384 
655 7 |a terminologické slovníky  |2 SNKPH  |9 70504 
655 7 |a viacjazyčné slovníky  |2 SNKPH  |9 70585 
700 1 |a Krouza, Václav,  |d 1880-1956  |4 com  |9 182996 
752 |a Česko  |d Praha 
830 0 |a Spisy České matice technické  |9 427551 
852 |a Slovenská národná knižnica 
958 |a OND 
958 |a CZ 
958 |a DE 
999 |c 865950  |d 867880 
952 |a SNK  |b SNK  |y VYP  |7 0  |p 17A0370947  |o snkSC 18268/2/2 D1  |0 0  |1 0  |4 0  |d 2003-02-04  |l 0  |r 2005-01-01 00:00:00  |w 2026-02-24 
952 |a SNK  |b SNK  |y PREZ  |7 0  |p 17A0882468  |o snkSC 18268/2/2  |i snkVIII. 450/55  |0 0  |1 0  |4 0  |d 2020-05-14  |f 1  |l 0  |r 2025-07-25 00:00:00  |w 2026-02-24